01351nam a2200313 i 450000100060000000300090000600500170001500700030003200800410003508000230007608000240009908000240012308000220014710000350016924501120020426000960031630000220041249000740043465000440050865000550055265000540060765000520066170000350071371000460074883000820079485200220087699900170089895201220091517974ES-MaACL20230906151729.0t|010810s1991 it |||| | spa d a327.17(469)"18/19" a821.134.1.09"18/19" a821.134.4.09"18/19" a821.361.09"18/19"1 aLlera Esteban, Luis de.97276714aLos nacionalismos en España b: historia y literatura, 1868-1936 /cLuis de Llera, María José Flores. aTrento : bUniversitáa di Trento, Dipartamento di Scienze Filologiche e Storiche, c1991. a196 p. ; c22 cm.1 aTesti e manuali / Dipartimento di scienze filologiche e storiche ;v114aNacionalismo-xEn la literatura.915446 4aLiteratura catalana-xHistoria y crítica.914515 4aLiteratura gallega-xHistoria y crítica.91459614aLiteratura vasca-xHistoria y crítica.9146701 aFlores, María José.9512662 aUniversità degli studi di Trento.974720 aTesti e manuali / Dipartimento di scienze filologiche e storiche ;v19228759 aES-MaACLjL-24805 c17974d17974 00104070aATENEOMbATENEOMcDEPO2d2008-01-17eSCl0oL-24805p1018365r2023-02-23 00:00:00w2023-02-23yMONOGRAFIA